Kratkij fotografičeskij slovar' /
Uložené v:
| Ďalší autori: | , |
|---|---|
| Médium: | Kniha |
| Jazyk: | Russian |
| Vydané: |
Moskva :
Iskusstvo,
1956.
|
| Vydanie: | 1. izd. |
| ISBN: |
(viaz.) |
| Fyzický popis: |
388 s. : ilustr. |
| Tagy: |
Pridať tag
Žiadne tagy, Buďte prvý kto otaguje tento záznam!
|
Titul je dostupný aj v ... 

MARC
| LEADER | 00000nam a2200000 4500 | ||
|---|---|---|---|
| 001 | 000426913 | ||
| 005 | 20130711184635.0 | ||
| 008 | 120926s1956 ru e rus d | ||
| 020 | |a (viaz.) |c Kčs 8,50 | ||
| 040 | |a SVKKK |b slo |c SVKKK |e AACR2 | ||
| 041 | 0 | |a rus | |
| 044 | |a ru |c RU | ||
| 245 | 0 | 0 | |a Kratkij fotografičeskij slovar' / |c pod obšč. red. A. A. Lapauri i V. I. Šeberstova. |
| 250 | |a 1. izd. | ||
| 260 | |a Moskva : |b Iskusstvo, |c 1956. | ||
| 300 | |a 388 s. : |b ilustr. | ||
| 700 | 1 | |a Lapauri, Aleksandr Aleksandrovič |4 edt | |
| 700 | 1 | |a Šeberstov, V. I. |4 edt | |
| 910 | |a svkkk | ||
| 998 | |a BK | ||
| 090 | |g SCKHL |k Sklad Pribinova prízemie |a I.10637 |j 145872 |i 2720391723 |s Prezenčne | ||
| 090 | |g SCKHL |k Sklad Pribinova prízemie |a I0.2312 |j 040454 |i 2720468337 |s Prezenčne | ||